Normal view
MARC view
Entry Personal Name
001 - CONTROL NUMBER
- control field: 16495
003 - CONTROL NUMBER IDENTIFIER
- control field: BD-RjUL
005 - DATE AND TIME OF LATEST TRANSACTION
- control field: 20250807102117.0
008 - FIXED-LENGTH DATA ELEMENTS
- fixed length control field: 250807|| aca||aabn | a|a d
040 ## - CATALOGING SOURCE
- Original cataloging agency: BD-RjUL
- Transcribing agency: BD-RjUL
100 ## - HEADING--PERSONAL NAME
- Personal name: دہلوى، میىر امن ;; Dehlawi, Mir Aman
670 ## - SOURCE DATA FOUND
- Source citation: Work cat.: (BD-RjUL)85459: دہلوى، میىر امن ;; Dehlawi, Mir Aman;, گنج خوبى = Ganj-i k̲h̲ūbī /, 1966